Νίκος Γιώργος Παπουτσίδης

Saved in:
Bibliographic Details
Other Authors: Παπουτσίδης, Νίκος Γιώργος (Sculptor)
Format: Book
Language:Greek
Published: Αθήνα : Νηρέας, 1999.
Subjects:
Tags: Add Tag
No Tags, Be the first to tag this record!

MARC

LEADER 00000cam a2200000 a 4500
001 1/109066
008 151005s1999####gr | ||| |||| ||gre||
040 |a GR-MyUa  |b gre  |c GR-MyUa  |e AACR2 
041 0 |a gre 
082 7 |a 730.9495   |2 (23)  
100 1 |a Παπουτσίδης, Νίκος Γιώργος,  |e scl 
245 1 0 |a Νίκος Γιώργος Παπουτσίδης  
260 |a Αθήνα :   |b Νηρέας,   |c 1999.  
300 |a 253 σ.   |b έγχρ. εικ.;   |c 29 εκ.  
600 1 0 |a Παπουτσίδης, Νίκος Γιώργος,  |e scl 
650 0 |a Sculpture, Modern  |y 20th century  |z Greece  |x exhibitions. 
650 0 |a Artists  |z Greece  |y 20th century  |x Exhibitions. 
852 |a INST  |b LEMNOS  |e 20151005  |h 730.9495 ΠΑΠ  |p 005600001358  |q 005600001358  |t BK  |y 0 
970 |a Μοσχόβη  |b Ευαγγελία  |z 05-10-2015